[Event "Dhaka Walton op"]
[Site "Dhaka"]
[Date "2018.05.28"]
[Round "3"]
[White "Hossain, Delwar"]
[Black "Imam Hossain, Mir"]
[Result "1-0"]
[WhiteElo "2085"]
[BlackElo "1767"]
[PlyCount "31"]
[EventDate "2018.05.26"]
[EventType "swiss"]
[EventRounds "9"]
[EventCountry "BAN"]
[SourceTitle "CBM 184 Extra"]
[Source "ChessBase"]
[SourceDate "2018.06.28"]
[SourceVersion "1"]
[SourceVersionDate "2018.06.28"]
[SourceQuality "1"]

1. e4 e5 2. Nf3 Nc6 3. Bc4 Bc5 4. c3 d6 5. d4 exd4 6. cxd4 Bb4+ 7. Nc3 h6 8. 0-0 Bxc3 9. bxc3 Nf6 10. e5 dxe5 11. Ba3 Be6 12. Bxe6 fxe6 13. Qb3 Kf7 14. Qxb7 Qd7 15. Qxc6 e4 16. Ne5+ 1-0